Faculty of Law Library — Cairo University

Official Online Catalog

تشريعات المرور : (Record no. 76695)

MARC details
000 -LEADER
fixed length control field 01506nam a2200361 i 4500
003 - CONTROL NUMBER IDENTIFIER
control field EG-GICUC
005 - DATE AND TIME OF LATEST TRANSACTION
control field 20260512190248.0
008 - FIXED-LENGTH DATA ELEMENTS--GENERAL INFORMATION
fixed length control field 260512r2023 |||||||fr|||| 000 0 ara d
017 ## - COPYRIGHT OR LEGAL DEPOSIT NUMBER
Copyright or legal deposit number 2022/29139
020 ## - INTERNATIONAL STANDARD BOOK NUMBER
International Standard Book Number 978/977/94/4448/2
040 ## - CATALOGING SOURCE
Original cataloging agency EG-GICUC
Transcribing agency EG-GICUC
Modifying agency EG-GICUC
Description conventions rda
Language of cataloging ara
041 0# - LANGUAGE CODE
Language code of text/sound track or separate title ara
082 04 - DEWEY DECIMAL CLASSIFICATION NUMBER
Edition number 21
Classification number 343.432
Item number ع ب . ت
092 04 - LOCALLY ASSIGNED DEWEY CALL NUMBER (OCLC)
Edition number 21
099 ## - LOCAL FREE-TEXT CALL NUMBER (OCLC)
Classification number Law1 10 343.432 ع ب . ت 2023
100 0# - MAIN ENTRY--PERSONAL NAME
Personal name عبدالله قنديل.
Relator term مؤلف.
245 10 - TITLE STATEMENT
Title تشريعات المرور :
Remainder of title ضوابط التسبيب والقيود والأوصاف التأديبية لكافة الجرائم في مجال تشغيل المركبات الحكومية والقطاع العام "دراسة تطبيقية" /
Statement of responsibility, etc. عبدالله قنديل.
250 ## - EDITION STATEMENT
Edition statement الطبعة الثانية.
264 #0 - PRODUCTION, PUBLICATION, DISTRIBUTION, MANUFACTURE, AND COPYRIGHT NOTICE
Place of production, publication, distribution, manufacture [القاهرة] ؛
Date of production, publication, distribution, manufacture, or copyright notice 2023.
300 ## - PHYSICAL DESCRIPTION
Extent 763 صفحة، صفحات غير مرقمة :
Other physical details جداول ؛
Dimensions 24 سم.
336 ## - CONTENT TYPE
Source rda content
Content type term text
337 ## - MEDIA TYPE
Source rda media
Media type term Computer
338 ## - CARRIER TYPE
Source rda carrier
Carrier type term Online Resource
500 ## - GENERAL NOTE
General note حقوق الطبع والنشر محفوظة للمؤلف.
504 ## - BIBLIOGRAPHY, ETC. NOTE
Bibliography, etc. note ببليوجرافيا: صفحات 752.<br/><br/>
504 ## - BIBLIOGRAPHY, ETC. NOTE
Bibliography, etc. note يشتمل على إرجاعات ببليوجرافية.
546 ## - LANGUAGE NOTE
Language note النص باللغة العربية
650 1# - SUBJECT ADDED ENTRY--TOPICAL TERM
Source of heading or term التشريع الخاص بالمرور
651 1# - SUBJECT ADDED ENTRY--GEOGRAPHIC NAME
Source of heading or term qrmak
856 40 - ELECTRONIC LOCATION AND ACCESS
Uniform Resource Identifier <a href="https://fll.law.cu.edu.eg/fulltext/bks/B10-09255.pdf">https://fll.law.cu.edu.eg/fulltext/bks/B10-09255.pdf</a>
905 ## - Cataloger and Reviser Names
Cataloger Name: Omar
942 ## - ADDED ENTRY ELEMENTS (KOHA)
Source of classification or shelving scheme Dewey Decimal Classification
Suppress in OPAC No
Koha item type Books
Edition 21
Holdings
Withdrawn status Lost status Source of classification or shelving scheme Damaged status Not for loan Collection Home library Current library Date acquired Total checkouts Full call number Barcode Date last seen Copy number Price effective from Koha item type
    Dewey Decimal Classification   Not for loan القانون الجنائي جــــامعة القــاهرة مكتبة كلية الحقوق - المبنى الرئيسي 12.05.2026   Law1 10 343.432 ع ب . ت 2 ed - 2023 1009255 C1 B10-09255 12.05.2026 1 12.05.2026 Books

© All rights reserved — Faculty of Law, Cairo University